| 000 | 00538nam a2200169Ia 4500 | ||
|---|---|---|---|
| 008 | 220216s9999 xx 000 0 und d | ||
| 100 | _aSankariammal L | ||
| 245 | 0 | _aHeterosis for growth and test tap yield in Wickham x Amazonian hybrids of Hevea brasiliensis | |
| 260 | _bInternational Workshop on Rubber Tree Breeding, IRRDB, Brazil, 4-7 April 2011 | ||
| 650 | _aBiotic/Abiotic stresses | ||
| 650 | _aEvalution | ||
| 650 | _aHeterosis | ||
| 650 | _aUtilization | ||
| 650 | _aWild germplasm | ||
| 700 | _aMydin K K | ||
| 942 | _cJS | ||
| 999 |
_c60286 _d60286 |
||